Poliéster/ (Record no. 3761)

MARC details
000 -LEADER
campo de control de longitud fija 01484nam a22004457a 4500
003 - IDENTIFICADOR DE NÚMERO DE CONTROL
campo de control OSt
005 - FECHA Y HORA DE LA ÚLTIMA TRANSACCIÓN
campo de control 20230531094610.0
008 - DATOS DE LONGITUD FIJA--INFORMACIÓN GENERAL
campo de control de longitud fija 221006b |||||||| |||| 00| 0 eng d
040 ## - FUENTE DE CATALOGACIÓN
Centro/agencia transcriptor Biblioteca Lado V
082 ## - NÚMERO DE LA CLASIFICACIÓN DECIMAL DEWEY
Número de clasificación 709.05
Número de ítem H737p
100 ## - ENTRADA PRINCIPAL--NOMBRE DE PERSONA
9 (RLIN) 833
Nombre de persona Hollander, Kurt
Término indicativo de función/relación editor
245 ## - MENCIÓN DEL TÍTULO
Título Poliéster/
Resto del título pintura y no pintura/
260 ## - PUBLICACIÓN, DISTRIBUCIÓN, ETC.
Nombre del editor, distribuidor, etc. Consejo Nacional para la Cultura y las Artes
Fecha de publicación, distribución, etc. 1998
Lugar de publicación, distribución, etc. Mexico
300 ## - DESCRIPCIÓN FÍSICA
Dimensiones 21x27cm
Extensión 56p.
366 ## - INFORMACIÓN SOBRE DISPONIBILIDAD COMERCIAL
Nota spa
490 ## - MENCIÓN DE SERIE
Mención de serie 23
Designación de volumen o secuencia 7
Número Internacional Normalizado para Publicaciones Seriadas 1405-0560
505 ## - NOTA DE CONTENIDO CON FORMATO
Nota de contenido con formato Joe Coleman
505 ## - NOTA DE CONTENIDO CON FORMATO
Nota de contenido con formato Cisco Jimenez
505 ## - NOTA DE CONTENIDO CON FORMATO
Nota de contenido con formato Fernando Arias
505 ## - NOTA DE CONTENIDO CON FORMATO
Nota de contenido con formato Fernando Arias
505 ## - NOTA DE CONTENIDO CON FORMATO
Nota de contenido con formato Miguel Ventura
505 ## - NOTA DE CONTENIDO CON FORMATO
Nota de contenido con formato Sandra Vivas
505 ## - NOTA DE CONTENIDO CON FORMATO
Nota de contenido con formato Ken Goldsmith
505 ## - NOTA DE CONTENIDO CON FORMATO
Nota de contenido con formato Leon Ferrari
505 ## - NOTA DE CONTENIDO CON FORMATO
Nota de contenido con formato Domestica
505 ## - NOTA DE CONTENIDO CON FORMATO
Nota de contenido con formato Ernesto neto y Lygia Pape
505 ## - NOTA DE CONTENIDO CON FORMATO
Nota de contenido con formato Sector 3
505 ## - NOTA DE CONTENIDO CON FORMATO
Nota de contenido con formato Mauricio Rocha
650 ## - PUNTO DE ACCESO ADICIONAL DE MATERIA--TÉRMINO DE MATERIA
Fuente del encabezamiento o término Tesauro de Arte & Arquitectura
Término de materia o nombre geográfico como elemento de entrada ARTE
9 (RLIN) 703
650 ## - PUNTO DE ACCESO ADICIONAL DE MATERIA--TÉRMINO DE MATERIA
Fuente del encabezamiento o término Tesauro de Arte & Arquitectura
Término de materia o nombre geográfico como elemento de entrada PINTURA
650 ## - PUNTO DE ACCESO ADICIONAL DE MATERIA--TÉRMINO DE MATERIA
Fuente del encabezamiento o término Tesauro de Arte & Arquitectura
Término de materia o nombre geográfico como elemento de entrada FOTOGRAFIA
9 (RLIN) 702
650 ## - PUNTO DE ACCESO ADICIONAL DE MATERIA--TÉRMINO DE MATERIA
Fuente del encabezamiento o término Tesauro de Arte & Arquitectura
Término de materia o nombre geográfico como elemento de entrada ENTREVISTAS
650 ## - PUNTO DE ACCESO ADICIONAL DE MATERIA--TÉRMINO DE MATERIA
Fuente del encabezamiento o término Tesauro de Arte & Arquitectura
Término de materia o nombre geográfico como elemento de entrada MISCELANEA
650 ## - PUNTO DE ACCESO ADICIONAL DE MATERIA--TÉRMINO DE MATERIA
Fuente del encabezamiento o término Tesauro de Arte & Arquitectura
Término de materia o nombre geográfico como elemento de entrada PROYECTOS DE ARTE
650 ## - PUNTO DE ACCESO ADICIONAL DE MATERIA--TÉRMINO DE MATERIA
Fuente del encabezamiento o término Tesauro de Arte & Arquitectura
Término de materia o nombre geográfico como elemento de entrada ESPAÑOL
650 ## - PUNTO DE ACCESO ADICIONAL DE MATERIA--TÉRMINO DE MATERIA
Fuente del encabezamiento o término Tesauro de Arte & Arquitectura
Término de materia o nombre geográfico como elemento de entrada ARTE CONTEMPORANEO
651 ## - PUNTO DE ACCESO ADICIONAL DE MATERIA--NOMBRE GEOGRÁFICO
Fuente del encabezamiento o término Tesauro de Arte & Arquitectura
Nombre geográfico MEXICO
700 ## - ENTRADA AGREGADA--NOMBRE PERSONAL
Nombre de persona Plender, Olivia
Término indicativo de función/relación Editora
942 ## - ELEMENTOS DE ENTRADA SECUNDARIOS (KOHA)
Fuente del sistema de clasificación o colocación Clasificación Decimal Dewey
Tipo de ítem Koha Libros
Parte de la signatura que corresponde a la clasificación (Parte de la clasificación) 709.05
Parte de la signatura que identifica el ejemplar (Parte del ítem) H737p
Suprimir en OPAC No
Holdings
Estatus retirado Estado de pérdida Fuente del sistema de clasificación o colocación Especificación de materiales (volumen encuadernado u otra parte) Estado de daño No para préstamo Colección Biblioteca de origen Biblioteca actual Fecha de adquisición Enumeración/cronología de publicación seriada Número de inventario Total de préstamos Signatura topográfica completa Código de barras Visto por última vez Precio de reemplazo Tipo de ítem Koha
    Clasificación Decimal Dewey 7     Revistas Biblioteca LadoV Biblioteca LadoV 31/05/2023 23 003456   709.05 H737p 003456 31/05/2023 31/05/2023 Libros